Proyecto CONTRASTES: medios de comunicación estudiantil como espacios de aprendizaje /

Guardat en:
Dades bibliogràfiques
Autor principal: Araya Rivera, Carlos
Format: Text
Etiquetes: Afegir etiqueta
Sense etiquetes, Sigues el primer a etiquetar aquest registre!

MARC

LEADER 00000 a a2200000 04500
001 46651
003
040
100 |a Araya Rivera, Carlos  
245 |a Proyecto CONTRASTES:   |b medios de comunicación estudiantil como espacios de aprendizaje /  |c Carlos Araya Rivera  
773 |g volumen36, número1 (2012), páginas 83-95  
999 |c 25583  |d 25583